00744nam a22002177a 450000500170000001000150001702000260003203500140005803700130007208200150008510000230010024500820012325000060020526000350021127000780024630000210032450000060034594200260035199900190037795201300039620240221121925.0 aENG-139389 a9789393701114c599.00 aEN-122921 bDBAD/PUB a270.17521 aSafvi, Rana962338 aIn search of the Divine:bLiving Histories of Sufism in India/cBy Rana Safvi a1 aGurugrambHachette Indiac2022 bGurugrama4th & 5th Floor, Corporate Centre, Plot no-94,Sector-44e122003 a415p.c22cm(hbk) a  2ddccENh270.175mSAF c200956d200956 001040708NFICaBNbBNd2024-02-21eDBADg599.00l0o270.175 SAFpEN-122921r2024-02-21 00:00:00t1v599.00w2024-02-21yEN